000 00800nam a2200253Ia 4500
003 OSt
005 20220923214353.0
006 a|||||r|||| 00| 0
007 ta
008 220922b |||||||| |||| 00| 0 hin d
024 _a169,234
037 _cTextual
040 _aARTS
_cARTS
_bhin
041 _2hin
_ahin
082 _aO152,1I89,1, H9;J6
100 _aसेनापति
_9156280
245 0 _aकवित्त-रत्नाकर, संपा उमाशंकर शुक्ल
246 _aKavitta-ratnākara, sanpā0 umāshankar shukla
250 _aसंस्क0 5
260 _c1949
650 _aहिन्दी साहित्य
_9156264
942 _hO152,1I89,1, H9;J6
_cTEXL
_2CC
999 _c323690
_d323690